Políticas públicas en educación /

Uloženo v:
Podrobná bibliografie
Hlavní autor: Steele Zúñiga, Gerardo
Médium: Text
Témata:
Tagy: Přidat tag
Žádné tagy, Buďte první, kdo vytvoří štítek k tomuto záznamu!

MARC

LEADER 00000 a a2200000 04500
001 16844
003
040
100 |a Steele Zúñiga, Gerardo  
245 |a Políticas públicas en educación /  |c Gerardo Steele Zúñiga 
650 |a EDUCACION  
650 |a ELABORACION DE POLITICAS  
650 |a REFORMA DE LA EDUCACION  
773 |g volumen 12, número 3; páginas 79-81  
999 |c 33444  |d 33444